ბათუმის შოთა რუსთაველის სახელმწიფო უნივერსიტეტის ბიბლიოთეკა

სამოქალაქო საპროცესო სამართალი : (ბიბ.ჩანაწერი № 34813)

000 -ლიდერი
ფიქსირებული სიგრძის საკონტროლო ველი 01100nam a2200229Ia 4500
001 - საკონტროლო ნომერი
საკონტროლო ველი 624
003 - საკონტროლო ნომრის იდენტიფიკატორი
საკონტროლო ველი GE_BSU
005 - ბოლო ოპერაციის თარიღი და დრო
საკონტროლო ველი 20221222165737.0
008 - ფიქსირებული სიგრძის მონაცემთა ელემენტები - ზოგადი ინფორმაცია
ფიქსირებული სიგრძის საკონტროლო ველი 181216s2003||||ge |||||||||||||| ||geo||
020 ## - წიგნის საერთაშორისო სტანდარტული ნომერი
International Standard Book Number 9994026135
040 ## - კატალოგიზაციის წყარო
Transcribing agency GE_BSU
041 ## - ენის კოდი
Language code of text/sound track or separate title geo
080 ## - უნივერსალური ათობითი კლასიფიკაციის ინდექსი
Universal Decimal Classification number 347.1(075.8) კ–64
100 ## - მთავარი ჩანაწერი - პიროვნების სახელი
Personal name კობახიძე, ავთანდილ
9 (RLIN) 7026
245 ## - ცნობა სათაურის შესახებ
Title სამოქალაქო საპროცესო სამართალი :
Remainder of title [დამხმ. სახელმძღვ.] /
Statement of responsibility, etc ავთანდილ კობახიძე ; რედ. ზ. ძლიერიშვილი.
264 ## - წარმოების, გამოცემის, დისტრიბუციის და სხვა ცნობები
გამოცემის, წარმოების, დისტრიბუციის... ადგილი თბილისი :
გამოცემის, წარმოების, დისტრიბუციის... სახელწოდება "საქართველოს მაცნეს" გამ-ბა და სტ.,
გამოცემის, წარმოების, დისტრიბუციის... თარიღი 2003.
300 ## - ფიზიკური აღწერა
Extent 557 გვ.;
Other physical details 20 სმ.
504 ## - BIBLIOGRAPHY, ETC. NOTE
Bibliography, etc ბიბლიოგრ. ტექსტის შენიშვნ.
653 ## - INDEX TERM--UNCONTROLLED
Uncontrolled term სამოქალაქო საპროცესო სამართალი
700 ## - ADDED ENTRY--PERSONAL NAME
Personal name ძლიერიშვილი, ზ.
Relator term რედაქტორი
9 (RLIN) 16537
942 ## - ADDED ENTRY ELEMENTS (KOHA)
Koha item type წიგნი
Source of classification or shelving scheme
ეგზემპლარები
ჩამოწერის სტატუსი დაკარგული ეგზემპლარის სტატუსი კლასიფიკაციის წყარო ან თაროზე გაწყობის სქემა დაზიანების სტატუსი არ გაიცემა მუდმივი მდებარეობა (დაცვის ადგილი) ამჟამინდელი ადგილსამყოფელი თაროზე განთავსების ადგილი შეძენის თარიღი ღირებულება, შესყიდვის ნორმალური ფასი სრული შენახვის შიფრი შტრიხკოდი ბოლო ოპერაციის თარიღი ეგზემპლარის მიმდევრობითი ნომერი (კეტერი?) ფასის ძალაში შესვლის თარიღი ეგზემპლარის სახეობა საჯარო შენიშვნა
          ბათუმის შოთა რუსთაველის სახელმწიფო უნივერსიტეტის მთავარი ბიბლიოთეკა ბათუმის შოთა რუსთაველის სახელმწიფო უნივერსიტეტის მთავარი ბიბლიოთეკა წიგნსაცავი 2018-12-17 20.00 347.1(075.8) კ–64 1835 2018-12-17 1835 2018-12-17 წიგნი 20 ლ.